000 016330000a22002290004500
020 _a84-8169-570-X : 61.500
082 0 4 _aG 296.155 V3932p
100 1 _aVázquez Allegue, Jaime
245 1 0 _aPara comprender los manuscritos del mar muerto / Jaime Vázquez Allegue , Santiago Ausín , Magen Broshi ...
260 _aEstella, Navarra : Verbo Divino
300 _a251 p.
440 0 _aCol. Para Comprender, Vivir y Leer ; no. 80
500 _aIncluye índice de textos de Qumrán
505 0 0 _aEl descubrimiento y las excavaciones / Magen Broshi -- El desierto y el mar Muerto / Santiago Ausín -- Comunidad de los esenios / Francisco Jiménez Bedman -- El templo de Qumrán / Felipe Sen Montero -- El Dios de nuestros padres / Jaime Vázquez allegue -- Apocalíptica esenia: la vida futura / Émile Puech -- Dualismo y el origen del mal / Florentino García Martínez -- el mesianismo / Émile Puech -- Las mujers, ese sector olvidado / Inmaculada Rodríguez torné -- Calendarios de Qumrán / Florentino García Martínez -- La Biblia de Qumrán / José Manuel Sánchez Caro -- El judaísmo de los hombres del mar Muerto / Miguel Pérez Fernández -- El cristianismo: el wadi que siempre verdea / Pedro Fraile Yécora -- El santuario del libro / Adolfo Roitman -- Sin ánimo de escándalo / Julio Trebolle Barrera
650 1 4 _aMANUSCRITOS DEL MAR MUERTO - HISTORIA \ COMUNIDAD QUMRAN \ ESENIOS
001 15006
856 4 0 _a[IMG[]]http://www.verbodivino.es/documentos/libros/739.jpg
942 _cBK
999 _c43822
_d43822
336 _atexto
_btxt
_2rdacontent
337 _2rdamedia
_asin mediación
_bn
338 _2rdacarrier
_avolumen
_bnc